[Event "Warsaw Legion op"]
[Site "Warsaw"]
[Date "1990.??.??"]
[Round "?"]
[White "Douven, Rudy C"]
[Black "Matkowski, Wiktor"]
[Result "1-0"]
[WhiteElo "2440"]
[BlackElo "2240"]

1.d4 f5 2.g3 Nf6 3.Bg2 g6 4.Nf3 Bg7 5.O-O O-O 6.c4 d6 7.Nc3 c6 8.b3 Na6 9.Bb2 Nc7
10.Qc2 Nce8 11.Rad1 Qc7 12.Rfe1 Rb8 13.Qd3 Nh5 14.e4 e5 15.dxe5 dxe5 16.Ba3 Rf7
17.Qd8 Nf6 18.Qxc7 Rxc7 19.Nxe5 Be6 20.h3 Nd7 21.Nxd7 Rxd7 22.exf5 Bxf5 23.Rxd7 Bxd7
24.Ne4 Nf6 25.Nc5 Bf8 26.Nxd7 Nxd7 27.Bc1 Kf7 28.Be3 a5 29.Rd1 Ke8 30.h4 Nc5
31.Bh3 Rd8 32.Rxd8+ Kxd8 33.Bg4 b5 34.cxb5 cxb5 35.Be2 b4 36.Bc4 Ne4 37.Bg8 h6
38.Bh7 Nc3 39.Bxg6 a4 40.bxa4 Nxa4 41.Kg2 Nc3 42.Bf7 Ke7 43.Bb3 Kf6 44.g4 Ke5
45.Kg3 Ne2+ 46.Kg2 Nf4+ 47.Kf3 Nd3 48.g5 hxg5 49.hxg5 Nc5 50.Bc2 Ne6 51.Kg4  1-0

[Event "Aix les Bains"]
[Site "Aix les Bains"]
[Date "1991.??.??"]
[Round "1"]
[White "Dorfman, Josif D"]
[Black "Lukasiewicz, Grzegorz"]
[Result "1-0"]
[WhiteElo "2575"]
[BlackElo "2315"]

1.c4 f5 2.d4 Nf6 3.g3 g6 4.Bg2 Bg7 5.Nf3 O-O 6.O-O d6 7.Nc3 Nc6 8.d5 Na5
9.Qd3 c5 10.dxc6 Nxc6 11.Rd1 Nb4 12.Qd2 Bd7 13.a3 Nc6 14.Qd3 Rc8 15.Bg5 Kh8
16.c5 Qe8 17.cxd6 exd6 18.Qxd6 Be6 19.Nd4 Nxd4 20.Rxd4 Qf7 21.Rd2 b6 22.Rf1 h6
23.Bf4 Rc5 24.Qd3 Bc4 25.Qf3 Ne4 26.Nxe4 fxe4 27.Qe3 Rb5 28.Bxh6 Re8 29.Bxg7+ Kxg7
30.b4 Rbe5 31.Rfd1 Bb5 32.Rc1 Kh7 33.h4 R8e7 34.Bh3 Qg7 35.Bg4 Qf7 36.Rc8 Qg7
37.Rdd8 Be8 38.Qd4 g5 39.h5 e3 40.f3 Qf7 41.Qd3+ Kh8 42.Rd6  1-0

[Event "Anapa"]
[Site "Anapa"]
[Date "1991.??.??"]
[Round "?"]
[White "Ruban, Vadim"]
[Black "Knezevic, Milorad"]
[Result "1/2-1/2"]
[WhiteElo "2575"]
[BlackElo "2390"]

1.d4 f5 2.g3 Nf6 3.Bg2 g6 4.Nf3 Bg7 5.O-O O-O 6.c4 d6 7.Nc3 e6 8.b3 Nc6 9.Bb2 e5
10.dxe5 dxe5 11.e4 Qxd1 12.Raxd1 fxe4 13.Ng5 Bg4 14.Rde1 Nd4 15.Ncxe4 Nxe4
16.Nxe4 Rad8 17.h3 Bf5 18.Rb1 a5 19.Kh2 b6 20.Ba3 Rfe8 21.g4 Bc8 22.Nc3 c6
23.Bc1 Be6 24.Bg5 Rd7 25.Na4 Rb8 26.Be3 c5 27.Nc3 Rf7 28.Be4 Rd7 29.Kg2 Rf7
30.f3 Bf6 31.Bd5 Bxd5 32.Nxd5 Bg7 33.Rf2 a4  1/2-1/2

[Event "Andorra op"]
[Site "Andorra"]
[Date "1991.??.??"]
[Round "?"]
[White "Monnard, Laurent"]
[Black "Spraggett, Kevin"]
[Result "0-1"]
[WhiteElo "2285"]
[BlackElo "2495"]

1.c4 f5 2.Nf3 Nf6 3.g3 g6 4.Bg2 Bg7 5.O-O O-O 6.d4 d6 7.Nc3 Nc6 8.d5 Ne5
9.Qb3 Kh8 10.Nxe5 dxe5 11.c5 h6 12.a4 a6 13.a5 g5 14.c6 bxc6 15.dxc6 e4 16.Rd1 Qe8
17.Qc4 Ng4 18.Nd5 Rb8 19.Nxc7 Qh5 20.h3 Ne5 21.Qc2 f4 22.gxf4 Bxh3 23.Qxe4 Bxg2
24.Kxg2 Rb4 25.Qxb4 Qg4+ 26.Kh2 Qh4+ 27.Kg2 Ng4 28.Be3 Qh2+ 29.Kf3 Ne5+ 30.Ke4 Rxf4+
31.Bxf4 Qxf4+ 32.Kd5 Qxb4 33.Nxa6 Qc4+  0-1

[Event "JUG-Cup qual"]
[Site "Arandjelovac"]
[Date "1991.??.??"]
[Round "1"]
[White "Maksimovic, Branimir"]
[Black "Ilincic, Zlatko"]
[Result "0-1"]
[WhiteElo "2380"]
[BlackElo "2470"]

1.d4 f5 2.g3 g6 3.Bg2 Nf6 4.c4 Bg7 5.Nf3 O-O 6.O-O d6 7.Nc3 Nc6 8.d5 Ne5
9.Nxe5 dxe5 10.Qb3 h6 11.c5 Kh8 12.Be3 g5 13.Rad1 f4 14.Bd2 a6 15.Ne4 Qxd5
16.Qxd5 Nxd5 17.Nxg5 hxg5 18.Bxd5 c6 19.Be4 Bh3 20.Rfe1 Rad8 21.Ba5 Rd4 22.f3 Be6
23.b3 Kg8 24.Bc3 Rdd8 25.Ba5 Rd4 26.Rd3 Kf7 27.Red1 Bd5 28.Rxd4 exd4 29.Bxd5+ cxd5
30.a4 Ke6 31.Bb6 Kd7 32.c6+ bxc6 33.Bxd4 Bxd4+ 34.Rxd4 a5 35.Kg2 e5 36.Rd3 Kd6
37.e3 fxe3 38.Rxe3 d4 39.Rd3 Kd5 40.Kh3 e4 41.fxe4+ Kxe4 42.Rd1 d3 43.Kg4 Rg8
44.Re1+ Kd4 45.Kf5 d2 46.Rd1 Kd3 47.h4 gxh4 48.gxh4 Kc2  0-1

[Event "AUT-chT"]
[Site "?"]
[Date "1991.??.??"]
[Round "?"]
[White "Brestian, Egon"]
[Black "Opl, Klaus"]
[Result "1-0"]
[WhiteElo "2475"]
[BlackElo "2270"]

1.c4 f5 2.d4 Nf6 3.g3 g6 4.Bg2 Bg7 5.Nf3 O-O 6.O-O d6 7.Qc2 Qe8 8.b3 h6 9.Nc3 Na6
10.Ba3 g5 11.e4 f4 12.e5 Nh5 13.exd6 exd6 14.Rfe1 Qd8 15.Qg6 fxg3 16.hxg3 Bg4
17.Nh2 Rf6 18.Qe4 Bc8 19.Qe2 g4 20.Nxg4 Rg6 21.Nh2 Nxg3 22.fxg3 Bxd4+ 23.Kh1 Bxc3
24.Qd3 Qf6 25.Re8+ Kg7 26.Rf1 Bf5 27.Rxf5 Rxe8 28.Rxf6 Bxf6 29.Bxb7 Nc5 30.Bxc5 dxc5
31.Nf1 Bd4 32.Bf3 Rd6 33.Kg2 Re5 34.Qc2 Rf6 35.a3 h5 36.Qd1 h4 37.gxh4 Rg6+
38.Kh3 Rg1 39.Qd3 Re1 40.Ng3 Kf6 41.Ne2 Rd1 42.Qh7 Rgf1 43.Qh6+ Ke7 44.Qg5+ Kf7
45.Qh5+ Kf6 46.Ng3  1-0

[Event "Beersheba"]
[Site "Beersheba"]
[Date "1991.??.??"]
[Round "?"]
[White "Pinter, Jozsef"]
[Black "Dolmatov, Sergey"]
[Result "1/2-1/2"]
[WhiteElo "2565"]
[BlackElo "2620"]

1.d4 f5 2.g3 Nf6 3.Bg2 g6 4.Nf3 Bg7 5.O-O O-O 6.c4 d6 7.Nc3 c6 8.d5 e5 9.dxe6 Bxe6
10.b3 Na6 11.Bb2 Qe7 12.Nd4 Bf7 13.Ba3 Nc5 14.Rc1 Rad8 15.e3 Rfe8 16.Nce2 Qc7
17.Qc2 a6 18.Nf4 Nce4  1/2-1/2

[Event "Belgrade op"]
[Site "Belgrade"]
[Date "1991.??.??"]
[Round "?"]
[White "Nikolic, Sava N"]
[Black "Vlasov, Igor"]
[Result "1/2-1/2"]
[WhiteElo "2370"]
[BlackElo "2310"]

1.Nf3 f5 2.g3 Nf6 3.Bg2 g6 4.O-O Bg7 5.d4 O-O 6.c4 d6 7.Nc3 Nc6 8.d5 Ne5
9.Nxe5 dxe5 10.e4 f4 11.f3 fxg3 12.hxg3 Nh5 13.Kh2 e6 14.Be3 a6 15.Qd2 exd5
16.cxd5 Rf7 17.Rfd1 Bf8 18.Rac1 h6 19.Na4 Bd6 20.Nc5 g5 21.Ne6 Qf6 22.Bc5 Ng7
23.Bxd6 cxd6 24.Nxg7 Kxg7 25.Qb4 g4 26.fxg4 Bxg4 27.Rf1 Qe7 28.Rxf7+ Kxf7
29.Qb6 Rc8 30.Rxc8 Bxc8 31.Bf3 Kg7 32.Kg2 Qd7 33.Kf2 Qe7  1/2-1/2

[Event "Berliner Sommer"]
[Site "Berlin"]
[Date "1991.??.??"]
[Round "?"]
[White "Tibensky, Robert"]
[Black "Beim, Valery"]
[Result "0-1"]
[WhiteElo "2380"]
[BlackElo "2480"]

1.d4 f5 2.Nf3 Nf6 3.g3 g6 4.Bg2 Bg7 5.c4 O-O 6.O-O d6 7.d5 Na6 8.Nd4 Bd7
9.Nc3 Nc5 10.b4 Nce4 11.Nxe4 Nxe4 12.Bb2 c5 13.dxc6 bxc6 14.f3 Nf6 15.Kh1 Rb8
16.Nc2 Qe8 17.Bc3 Qf7 18.Qd3 f4 19.gxf4 Nh5 20.Bxg7 Nxf4 21.Qd4 Qxg7 22.Qxa7 Be6
23.Nd4 Rxb4 24.Nxc6 Rxc4 25.Rac1 Rxc1 26.Rxc1 Nxe2 27.Re1 Nf4 28.Nd4 Bd5
29.Rxe7 Qf6 30.Re3 Qg5 31.Bf1 Nh3  0-1

[Event "Bern"]
[Site "Bern"]
[Date "1991.??.??"]
[Round "6"]
[White "Summermatter, Daniel"]
[Black "Gavrikov, Viktor"]
[Result "1/2-1/2"]
[WhiteElo "2320"]
[BlackElo "2580"]

1.Nf3 g6 2.d4 Bg7 3.c4 f5 4.g3 Nf6 5.Bg2 O-O 6.O-O d6 7.Nc3 c6 8.b3 Qe8 9.Ba3 h6
10.Qc2 g5 11.Rad1 Na6 12.Rfe1 Qh5 13.b4 Nc7 14.b5 cxb5 15.c5 d5 16.c6 Qe8
17.cxb7 Bxb7 18.Nb1 Qd8 19.Rc1 Nfe8 20.Nbd2 Ne6 21.Qb1 a6 22.e3 Nd6 23.Ne5 Rc8
24.Rxc8 Nxc8 25.Rc1 Bxe5 26.dxe5 Nb6 27.g4 Ng7 28.gxf5 Rxf5 29.Bh3 g4 30.Bxg4 Rg5
31.h3 Nc4 32.Nf3 Nxa3 33.Qd3 Rxg4+ 34.hxg4 Nc4 35.Kg2 d4 36.Qxd4 Qxd4 37.exd4 Nd2
38.Rc7 Bxf3+ 39.Kg3 Ne6 40.Rxe7 Nxd4 41.Kf4 Bd5 42.Rd7 Ne6+ 43.Kf5 Bxa2 44.Rxd2 Bc4
45.Kf6 a5 46.Rd7 a4 47.Ra7 Nc5 48.f4 b4 49.f5 b3 50.e6 b2 51.Ra8+ Kh7 52.Ra7+  1/2-1/2

[Event "Biel op"]
[Site "Biel"]
[Date "1991.??.??"]
[Round "6"]
[White "Sutter, Oliver"]
[Black "Kaenel, Hansjuerg"]
[Result "0-1"]
[WhiteElo "2270"]
[BlackElo "2315"]

1.d4 f5 2.g3 Nf6 3.Bg2 g6 4.Nf3 Bg7 5.O-O O-O 6.c4 d6 7.d5 Na6 8.Nd4 Bd7
9.Nc3 Nc5 10.b4 Nce4 11.Nxe4 Nxe4 12.Be3 c5 13.dxc6 bxc6 14.f3 Nf6 15.b5 c5
16.Nb3 Be6 17.Qc2 Nd7 18.Rad1 a6 19.f4 axb5 20.Bxa8 Qxa8 21.cxb5 Qa4 22.Bd2 Ra8
23.Bc3 Qxa2 24.Qxa2 Rxa2 25.Nc1 Bxc3 26.Nxa2 Bxa2 27.Rf3 Bd4+ 28.Kf1 Bc4
29.Rb1 Nb6 30.Ra3 Bd5 31.e3 Nc4 32.Rd3 Nxe3+ 33.Ke2 Nc4 34.b6 Na5 35.Rb5 Nb7
36.Rxd4 Bc6 37.Rb2 cxd4 38.Kd3 e5 39.Ra2 Kf7 40.Kc4 Ke6 41.Ra8 d3 42.Ra1 e4
43.Kd4 d5 44.Rc1 Kd6 45.h3 Nc5  0-1

[Event "CSR-ch"]
[Site "Bratislava"]
[Date "1991.??.??"]
[Round "1"]
[White "Orsag, Milan"]
[Black "Kolcak, Marek"]
[Result "1-0"]
[WhiteElo "2380"]
[BlackElo "2290"]

1.d4 f5 2.Nf3 Nf6 3.g3 g6 4.Bg2 Bg7 5.O-O O-O 6.c4 d6 7.Nc3 Nc6 8.d5 Na5
9.Nd2 c5 10.a3 b6 11.Qc2 Ba6 12.b3 Rb8 13.Bb2 Qd7 14.a4 e5 15.dxe6 Qxe6 16.e4 fxe4
17.Ncxe4 Bb7 18.Rae1 Qd7 19.Bxf6 Bxf6 20.Nxf6+ Rxf6 21.Bxb7 Nxb7 22.Ne4 Re6
23.Ng5 Rxe1 24.Rxe1 Re8 25.Qd1 Rxe1+ 26.Qxe1 Nd8 27.Qe4 Nf7 28.Ne6 Nd8 29.Nf4 Nf7
30.Nd5 Kg7 31.g4 Ne5 32.h3 Qf7 33.f4 Nc6 34.f5 gxf5 35.gxf5 Nd4 36.f6+ Kf8
37.Kh1 Qe6 38.Qh4 Qf5 39.Qh6+ Ke8 40.Qe3+  1-0

[Event "CSR-ch"]
[Site "Bratislava"]
[Date "1991.??.??"]
[Round "3"]
[White "David, Pavel"]
[Black "Priehoda, Vitezslav"]
[Result "1-0"]
[WhiteElo "2400"]
[BlackElo "2365"]

1.c4 f5 2.d4 Nf6 3.g3 g6 4.Bg2 Bg7 5.Nf3 O-O 6.O-O d6 7.Nc3 c6 8.b3 Qa5 9.Bb2 e5
10.Qd2 Ng4 11.dxe5 dxe5 12.e4 f4 13.Rad1 fxg3 14.hxg3 Nd7 15.Na4 Qxd2 16.Rxd2 b5
17.cxb5 cxb5 18.Nc3 Rb8 19.Nd5 Nc5 20.Ne7+ Kh8 21.Nc6 Rb6 22.Nfxe5 Bb7 23.Nxg4 Bxb2
24.Rxb2 Bxc6 25.Rc2 Ne6 26.Ne5 Be8 27.Rd1 Kg7 28.f4 h5 29.Nf3 Bc6 30.Nd4 Nxd4
31.Rxd4 Rf7 32.e5 Bxg2 33.Kxg2 g5 34.Kf3 Kg6 35.Ke4 h4 36.Rcd2 hxg3 37.f5+ Kh5
38.e6 Re7 39.Ke5 b4 40.Kf6 Rh7 41.R2d3 Rh6+ 42.Kg7 g4 43.e7  1-0

[Event "CSR-ch"]
[Site "Bratislava"]
[Date "1991.??.??"]
[Round "9"]
[White "Tibensky, Robert"]
[Black "Biolek, Richard"]
[Result "0-1"]
[WhiteElo "2385"]
[BlackElo "2360"]

1.d4 f5 2.c4 g6 3.Nf3 Nf6 4.g3 Bg7 5.Bg2 O-O 6.O-O d6 7.d5 Kh8 8.Nd4 Qe8
9.Nc3 a5 10.a3 Bd7 11.Rb1 Na6 12.b4 axb4 13.axb4 Rb8 14.f4 c6 15.dxc6 bxc6
16.b5 cxb5 17.cxb5 Nc5 18.Nc6 Bxc6 19.Bxc6 Qf7 20.Be3 Ng4 21.Bd4 Qc4 22.Bxg7+ Kxg7
23.Rf3 Ne4 24.Qd3 Qc5+ 25.Kg2 Ngf2 26.Qd5 Qxd5 27.Bxd5 Rfc8 28.Nxe4 Nxe4
29.Rb4 Nf6 30.Bc4 d5 31.Bd3 Rb6 32.Rf1 Ne4 33.Rd4 e6 34.Ra1 Rc7 35.Ra6 Rcb7
36.Kf3 Nc5 37.Rxb6 Rxb6 38.Rb4 Kf6 39.Ke3 e5 40.fxe5+ Kxe5 41.Kd2 d4 42.e3 dxe3+
43.Kxe3 g5 44.Bf1 Ne4 45.Bg2 f4+ 46.gxf4+ gxf4+ 47.Kf3 Ng5+ 48.Kg4 Ne6 49.Re4+ Kf6
50.Bf1 h5+ 51.Kxh5 Kf5 52.Rxe6 Kxe6 53.Kg5 Ke5 54.h4 Rb8 55.h5 Rg8+ 56.Kh6 Kf6
57.Kh7 Rg1 58.Be2 Rg2 59.Bf1 f3 60.h6 Rh2  0-1

[Event "Spring op"]
[Site "Budapest"]
[Date "1991.??.??"]
[Round "1"]
[White "Banhazi, Istvan"]
[Black "Horvath, Csaba"]
[Result "0-1"]
[WhiteElo "2220"]
[BlackElo "2460"]

1.d4 f5 2.Nf3 g6 3.g3 Bg7 4.Bg2 Nf6 5.O-O O-O 6.c4 d6 7.Nc3 Qe8 8.b3 Na6
9.Bb2 e5 10.dxe5 dxe5 11.Nd5 Nh5 12.e4 c6 13.Nc3 f4 14.a3 Bg4 15.b4 Nc7 16.Ne2 Rd8
17.Qc2 Ne6 18.h3 Bxf3 19.Bxf3 Ng5 20.Bxh5 gxh5 21.h4 Rd2 22.Qb3 Nh3+ 23.Kh2 f3
24.Ng1 Nxf2 25.Nxf3 Rd3  0-1

[Event "Spring op"]
[Site "Budapest"]
[Date "1991.??.??"]
[Round "4"]
[White "Cvitan, Ognjen"]
[Black "Borge, Nikolaj"]
[Result "1-0"]
[WhiteElo "2535"]
[BlackElo "2300"]

1.Nf3 f5 2.g3 Nf6 3.Bg2 g6 4.c4 Bg7 5.d4 O-O 6.O-O d6 7.Nc3 Qe8 8.d5 Na6
9.Rb1 c6 10.b4 Bd7 11.dxc6 bxc6 12.a3 h6 13.Bb2 g5 14.e3 Rd8 15.Qa4 Nc7 16.c5 dxc5
17.Ne5 cxb4 18.axb4 Qh5 19.Nxd7 Rxd7 20.Qxc6 Ng4 21.Qc4+ e6 22.h3 Ne5 23.Qe2 g4
24.Rfd1 Rdf7 25.Na4 Nf3+ 26.Bxf3 gxf3 27.Qf1 f4 28.exf4 Nd5 29.Bc1 Nxf4 30.Bxf4 Rxf4
31.gxf4 Rf6 32.Rd8+ Bf8 33.Nc5 Rg6+ 34.Kh2 Qh4 35.Nxe6 Rxe6 36.Qg1+ Kf7 37.Rxf8+ Kxf8
38.Qg3 Qxg3+ 39.Kxg3 Rb6 40.Ra1 Rxb4 41.Rxa7  1-0

[Event "Spring op"]
[Site "Budapest"]
[Date "1991.??.??"]
[Round "4"]
[White "Hradeczky, Tamas"]
[Black "Glek, Igor V"]
[Result "0-1"]
[WhiteElo "2305"]
[BlackElo "2540"]

1.d4 f5 2.Nf3 Nf6 3.g3 g6 4.Bg2 Bg7 5.c4 O-O 6.O-O d6 7.Nc3 Qe8 8.d5 a5 9.Be3 h6
10.Re1 g5 11.Bd4 Qg6 12.e4 fxe4 13.Bxf6 exf3 14.Bxg7 Qxg7 15.Bxf3 Qf7 16.Qc2 Nd7
17.Bg2 Ne5 18.Ne4 Qh5 19.Nd2 Bh3 20.Bxh3 Qxh3 21.Rxe5 dxe5 22.Re1 Rf5 23.Ne4 Raf8
24.Qe2 b6 25.Qf1 Qxf1+ 26.Kxf1 Rd8 27.Re3 g4 28.Kg2 Kf7 29.h3 gxh3+ 30.Kxh3 e6
31.Nc3 Rxf2 32.Rxe5 exd5 33.Nxd5 Rd7 34.b3 Rxa2 35.Rf5+ Kg7 36.Nf4 Re7 37.Nh5+ Kg6
38.Kg4 a4 39.Nf4+ Kh7 40.Nd5 Rg7+ 41.Kf3 axb3  0-1

[Event "Schneider mem op"]
[Site "Budapest"]
[Date "1991.??.??"]
[Round "4"]
[White "Schneider, Attila"]
[Black "Lenz, Alarich"]
[Result "1/2-1/2"]
[WhiteElo "2385"]
[BlackElo "2245"]

1.d4 f5 2.Nf3 Nf6 3.g3 g6 4.Bg2 Bg7 5.O-O O-O 6.c4 d6 7.Nc3 Qe8 8.d5 a5 9.Nd4 Na6
10.b3 Nc5 11.Ncb5 Qd8 12.Bb2 g5 13.Qc2 Ng4 14.a3 e5 15.dxe6 c6 16.Nxf5 Rxf5
17.Bxg7 Kxg7 18.Nxd6 Rf6 19.Nf7 Rxf7 20.exf7 Qf6 21.h3 Nh6 22.f8=B+ Qxf8
23.b4 Ne6 24.c5 Qf6 25.Rad1 axb4 26.axb4 Nf7 27.e3 Nc7 28.f4 Be6 29.fxg5 Qe5
30.Qf2 Nxg5  1/2-1/2

[Event "Spring op"]
[Site "Budapest"]
[Date "1991.??.??"]
[Round "5"]
[White "Vasilchenko, Oleg"]
[Black "Christensen, Tobias"]
[Result "1/2-1/2"]
[WhiteElo "2455"]
[BlackElo "2300"]

1.d4 f5 2.c4 Nf6 3.g3 g6 4.Bg2 Bg7 5.Nf3 O-O 6.O-O d6 7.Nc3 Qe8 8.b3 c6 9.Ba3 h6
10.Qc2 g5 11.Rad1 Qh5 12.e3 Na6 13.d5 c5 14.Rde1 Rf7 15.Nd2 f4 16.exf4 gxf4
17.Nf3 Bf5 18.Qd2 Bg4 19.Qd3 Bf5 20.Qd2  1/2-1/2

[Event "Elekes mem"]
[Site "Budapest"]
[Date "1991.??.??"]
[Round "5"]
[White "Horvath, Jozsef"]
[Black "Fogarasi, Tibor"]
[Result "1/2-1/2"]
[WhiteElo "2540"]
[BlackElo "2410"]

1.d4 f5 2.g3 Nf6 3.Bg2 g6 4.c4 Bg7 5.Nf3 O-O 6.O-O d6 7.Nc3 Qe8 8.Qb3 c6
9.d5 Na6 10.Be3 Ng4 11.Bf4 Nc5 12.Qc2 e5 13.dxe6 Qxe6 14.Rad1 Ne5 15.b3 h6
16.e4 Qf6 17.Nxe5 dxe5 18.Be3 Ne6 19.exf5 gxf5 20.f3 h5 21.Qf2 b6 22.Ne2 f4
23.Bc1 Rf7 24.Nc3 Ng5 25.Kh1 Bf5 26.Qe1 Bg6 27.Bb2 Raf8 28.Rd2 Qe7 29.h4 Ne6
30.Ne2 e4 31.Bxg7 Kxg7 32.Nxf4 Nxf4 33.gxf4 Rxf4 34.Kg1 e3 35.Re2 Re8 36.Qg3 Qxh4
37.Qxh4 Rxh4 38.Rfe1 Rd4 39.Rxe3 Rxe3 40.Rxe3 Kf6 41.Bh3 Rd2 42.Re6+ Kg5
43.Rxc6 Bf5 44.f4+ Kxf4 45.Rf6 Kg3 46.Rxf5 Kxh3 47.Rxh5+ Kg3 48.Kf1 Rxa2
49.Ke1 Kf4 50.Kd1 Ke4 51.Kc1  1/2-1/2

[Event "Budapest Kasparov"]
[Site "Budapest"]
[Date "1991.??.??"]
[Round "6"]
[White "Atalik, Suat"]
[Black "Berkovich, Dmitry"]
[Result "1/2-1/2"]
[WhiteElo "2420"]
[BlackElo "2425"]

1.d4 f5 2.g3 g6 3.Bg2 Bg7 4.Nf3 Nf6 5.O-O O-O 6.c4 d6 7.Nc3 c6 8.d5 e5 9.dxe6 Bxe6
10.b3 Na6 11.Bb2 Nc5 12.Qc2 Qc7 13.Ng5 Bd7 14.Rad1 Rae8 15.Qd2 h6 16.Nh3 Nfe4
17.Nxe4 Nxe4 18.Bxe4 Bxb2 19.Qxb2 Rxe4 20.Qd2 g5 21.Qxd6 Qxd6 22.Rxd6 Be6
23.f4 g4 24.Nf2 Rxe2 25.Nd3 Kf7 26.Rf2 Rxf2 27.Kxf2 Ke7 28.c5 Rd8 29.Rxd8 Kxd8
30.Ke3 Ke7 31.Kd4 Kf6 32.Nc1 Bd5 33.b4 Bf3 34.a3 Bd1 35.Nd3 Be2 36.Nb2 Ke6
37.Na4 Bb5 38.Nc3 Bf1 39.a4 a6 40.Nd1 Be2 41.Ne3 a5 42.bxa5 Ba6 43.Nd1 Kf6
44.Nc3 Ke6 45.Ke3 Kf6 46.Kf2 Ke6 47.Kg2 Kf6 48.h3 h5 49.h4 Ke6 50.Kf2 Kf6
51.Ke3 Ke6 52.Kd2 Ke7 53.Kc2 Kf6 54.Kb3 Ke7 55.Kc2 Ke6 56.Kd2 Ke7 57.Ke3 Ke6
58.Kd4 Kf6 59.Na2 Ke6 60.Nb4 Kf6 61.Nc2 Ke6 62.Ne3 Kf6 63.Kc3 Ke6 64.Kb4 Kf6
65.Nc2 Ke6 66.Nd4+ Kf6 67.Nb5 Ke6 68.Nd6 Kf6 69.Kc3 Ke6 70.Kd4 Kf6 71.Ne8+ Kf7
72.Nc7 Kf6 73.Na8 Ke6 74.Nb6 Kf6 75.Nd7+ Ke7  1/2-1/2

[Event "Budapest Kasparov"]
[Site "Budapest"]
[Date "1991.??.??"]
[Round "9"]
[White "Horvath, Jozsef"]
[Black "Atalik, Suat"]
[Result "1/2-1/2"]
[WhiteElo "2540"]
[BlackElo "2420"]

1.d4 f5 2.g3 Nf6 3.Bg2 g6 4.Nf3 Bg7 5.O-O O-O 6.c4 d6 7.Nc3 Qe8 8.d5 Na6
9.Nd4 Bd7 10.e4 fxe4 11.Nxe4 Nxe4 12.Bxe4 c5 13.Ne6 Bxe6 14.dxe6 Rb8 15.a4 Nc7  1/2-1/2

[Event "Autoteam"]
[Site "Budapest"]
[Date "1991.??.??"]
[Round "11"]
[White "Horvath, Jozsef"]
[Black "Szabolcsi, Janos"]
[Result "1-0"]
[WhiteElo "2540"]
[BlackElo "2350"]

1.d4 f5 2.g3 Nf6 3.Bg2 g6 4.Nf3 Bg7 5.O-O O-O 6.c4 d6 7.Nc3 Qe8 8.d5 a5 9.Nd4 Na6
10.e4 fxe4 11.Nxe4 Nxe4 12.Bxe4 Nc5 13.Bg2 Qf7 14.Bg5 e5 15.dxe6 Nxe6 16.Be3 c6
17.Rc1 a4 18.Qd2 Nxd4 19.Bxd4 Bxd4 20.Qxd4 Be6 21.Rc3 Ra5 22.f4 d5 23.c5 Qg7
24.Qd2 Rb5 25.Re1 Bf5 26.Re5 Qc7 27.h3 b6 28.g4 Bc8 29.Rf3 bxc5 30.Qe1 Rxb2
31.Qh4 Rb7 32.Rfe3 Rf7 33.f5 Rb1+ 34.Re1 Qxe5 35.Rxb1 Qe3+ 36.Kh1 gxf5 37.Re1 Qf4
38.Re8+ Kg7 39.Qd8 Qc1+ 40.Kh2 Qf4+ 41.Kg1 Qd4+ 42.Kh1 h6 43.g5 Kh7 44.Qxc8 hxg5
45.Qxc6 g4 46.Qxd5 Qxd5 47.Bxd5 Rd7 48.Be6 Rd1+ 49.Kh2 Rd2+ 50.Kg3 gxh3 51.Kxh3 Kg7
52.Ra8 Rd3+ 53.Kg2 Rd4 54.Ra6 f4 55.Kf3 Kf8 56.Ra7 Ke8 57.Bf5 Kd8 58.Be4 Kc8
59.Bc6 Rd2 60.Rxa4 c4 61.Be4 Kd7 62.Kxf4 Kd6 63.Ke3  1-0

[Event "Cheliabinsk-B"]
[Site "Cheliabinsk"]
[Date "1991.??.??"]
[Round "?"]
[White "Pisulinski, Jan"]
[Black "Yilmaz, Turham"]
[Result "0-1"]
[WhiteElo "2345"]
[BlackElo "2340"]

1.d4 f5 2.g3 Nf6 3.Bg2 g6 4.Nf3 Bg7 5.O-O O-O 6.c4 d6 7.Nc3 c6 8.b3 Qa5 9.Bb2 e5
10.dxe5 dxe5 11.e4 f4 12.Qc2 Nh5 13.Na4 Na6 14.c5 Qc7 15.Rad1 Qe7 16.a3 g5
17.Rfe1 Nc7 18.Rd3 Bf6 19.Nd2 g4 20.Nc4 Qg7 21.Nd6 Qg6 22.Nxc8 Raxc8 23.Rd7 Qe8
24.Red1 Rf7 25.Rxf7 Qxf7 26.Bf1 Qe7 27.Rd6 b5 28.Qd1 f3 29.Rd7 Qe8 30.Qd6 Ne6
31.Nc3 a6 32.b4 Ng5 33.Bc1 Nf7 34.Qd1 Ng7 35.Rd3 Ne6 36.Qb3 Kg7 37.Nd1 Nd4
38.Qa2 Bg5 39.Be3 Rd8 40.Qb2 Rd7 41.h3 Qd8 42.Qd2 gxh3 43.Kh2 Qf6 44.Qe1 Rd8
45.Bxh3 Qh6 46.Qf1 Qh5 47.Qh1 Nh6 48.Bxd4 Ng4+ 49.Kg1 Rxd4 50.Bf1 Qxh1+ 51.Kxh1 Bc1
52.a4 bxa4 53.Rxd4 exd4 54.Bxa6 Ne5 55.b5  0-1

[Event "Copenhagen op"]
[Site "Copenhagen"]
[Date "1991.??.??"]
[Round "8"]
[White "Renman, Nils Gustaf"]
[Black "Kristiansen, Jens"]
[Result "1/2-1/2"]
[WhiteElo "2395"]
[BlackElo "2415"]

1.Nf3 g6 2.d4 Bg7 3.c4 f5 4.g3 Nf6 5.Bg2 O-O 6.O-O d6 7.Nc3 c6 8.Re1 Ne4
9.Qd3 Na6 10.Nxe4 Nb4 11.Nf6+ Bxf6 12.Qb3 Na6 13.Bh6 Re8 14.c5+ d5 15.e4 fxe4
16.Rxe4 b6 17.cxb6 Qxb6 18.Re3 Bg4 19.Qxb6 axb6 20.Ne5 Bxe5 21.Rxe5 Nb4 22.h3 Bd7
23.a3 Nc2 24.Rd1 Ra4 25.Be3 e6 26.Rd2 Rc4 27.Bf1 Nxe3 28.Rxe3 Rc1 29.Kg2 c5
30.Rb3 e5 31.dxe5 Rxe5 32.Be2 b5 33.Bxb5 c4 34.Rb4 Bf5 35.Bc6 Be4+ 36.f3 c3
37.bxc3 Bxf3+ 38.Kxf3 Rxc3+ 39.Kg2 Rxc6  1/2-1/2

[Event "DEN-chB"]
[Site "DEN"]
[Date "1991.??.??"]
[Round "2"]
[White "Petersen, Soren Boeck"]
[Black "Christensen, Tobias"]
[Result "1/2-1/2"]
[WhiteElo "2295"]
[BlackElo "2300"]

1.Nf3 f5 2.d4 Nf6 3.g3 g6 4.Bg2 Bg7 5.O-O O-O 6.c4 d6 7.Nc3 Qe8 8.b3 c6 9.Ba3 h6
10.Qd3 g5 11.e4 fxe4 12.Nxe4 Qg6 13.Rae1 Bf5 14.Nfd2 Na6 15.Nxf6+ Qxf6 16.Be4 Bh3
17.Bg2 Bf5 18.Be4 Bh3 19.Bg2 Bf5  1/2-1/2

[Event "NLD-ch (Women)"]
[Site "Dieren"]
[Date "1991.??.??"]
[Round "7"]
[White "Jansen, Peggy"]
[Black "Harmsen, Jessica"]
[Result "1/2-1/2"]
[WhiteElo "2100"]
[BlackElo "2190"]

1.c4 f5 2.d4 g6 3.Nf3 Nf6 4.g3 Bg7 5.Bg2 O-O 6.O-O d6 7.Nc3 Qe8 8.d5 Na6
9.Be3 c5 10.Qd2 Bd7 11.Bh6 b5 12.Bxg7 Kxg7 13.b3 Rb8 14.cxb5 Bxb5 15.Rfe1 h6  1/2-1/2

[Event "Dortmund op"]
[Site "Dortmund"]
[Date "1991.??.??"]
[Round "9"]
[White "Lingnau, Carsten"]
[Black "Zysk, Robert"]
[Result "1-0"]
[WhiteElo "2225"]
[BlackElo "2415"]

1.d4 f5 2.g3 Nf6 3.Bg2 g6 4.Nf3 Bg7 5.O-O O-O 6.c4 d6 7.Nc3 e6 8.b3 Nc6 9.Bb2 Qe7
10.d5 Ne4 11.Qc1 Nd8 12.dxe6 Nxe6 13.Nd5 Qf7 14.e3 g5 15.Qc2 a5 16.a3 Bd7
17.Rad1 Rae8 18.Nd4 Nxd4 19.Bxd4 Bc6 20.b4 axb4 21.axb4 b5 22.Bxg7 Qxg7 23.Nxc7 Re7
24.Nxb5 Bxb5 25.cxb5 Qe5 26.Qc4+ Kg7 27.Rd4 Rb8 28.Rd5 Qf6 29.Rfd1 Nc3 30.Rxd6 Qe5
31.R1d4 Nxb5 32.R6d5 Qc7 33.Rc5 Qb6 34.Rd2 Rc7  1-0

[Event "Telecom op"]
[Site "Dublin"]
[Date "1991.??.??"]
[Round "?"]
[White "Lisenko, Alexander V"]
[Black "Tozer, Richard"]
[Result "1-0"]
[WhiteElo "2380"]
[BlackElo "2305"]

1.c4 f5 2.Nf3 Nf6 3.g3 g6 4.Bg2 Bg7 5.O-O O-O 6.d4 d6 7.Nc3 Qe8 8.b3 c6 9.Ba3 h6
10.Ne1 e5 11.e3 Na6 12.Nd3 Nc7 13.b4 Be6 14.c5 Qd7 15.Bb2 Ncd5 16.Nxd5 Bxd5
17.a4 Rae8 18.f3 Bc4 19.Rf2 Nd5 20.Qd2 f4 21.e4 Bxd3 22.Qxd3 Ne3 23.Ra3 d5  1-0

[Event "Telecom op"]
[Site "Dublin"]
[Date "1991.??.??"]
[Round "?"]
[White "Szekely, Peter"]
[Black "Howell, James C"]
[Result "1/2-1/2"]
[WhiteElo "2430"]
[BlackElo "2455"]

1.Nf3 f5 2.g3 Nf6 3.Bg2 g6 4.O-O Bg7 5.d4 O-O 6.c4 d6 7.Nc3 Na6 8.Re1 c6
9.e4 fxe4 10.Nxe4 Nxe4 11.Rxe4 Bf5 12.Re1 Qd7 13.Bg5 Rf7 14.Qd2 Bg4 15.Nh4 Nc7
16.d5 Re8  1/2-1/2

[Event "Espoo op"]
[Site "Espoo"]
[Date "1991.??.??"]
[Round "8"]
[White "Valkesalmi, Kimmo"]
[Black "Norri, Joose"]
[Result "1/2-1/2"]
[WhiteElo "2390"]
[BlackElo "2325"]

1.Nf3 f5 2.d4 Nf6 3.g3 g6 4.Bg2 Bg7 5.O-O O-O 6.c4 d6 7.Nc3 Qe8 8.Qb3 Na6
9.c5+ Kh8 10.cxd6 exd6 11.Rd1 c6 12.Bf4 d5 13.e3 Qe7 14.Rac1 b6 15.Ne5 Bb7
16.Ne2 Rfc8 17.Bg5 Qe8 18.Nd3 Nc7 19.h4 Ne6 20.Bxf6 Bxf6 21.Nef4 Nd8 22.Rd2 Nf7
23.Qd1 Nd6 24.Rdc2 Ne4 25.Qf3 Rd8 26.Nh3 Rd6 27.Qf4 Rad8 28.Ne5 Kg7 29.Bxe4 dxe4
30.h5 Bxe5 31.dxe5 Rd5 32.hxg6 hxg6 33.Qg5 Qxe5 34.Nf4 Rd1+ 35.Kg2 Qe8 36.Nh5+ Kf8
37.Qh6+ Ke7 38.Qg5+ Kf8 39.Qf6+ Qf7 40.Qh8+ Qg8 41.Qf6+ Qf7 42.Qh8+ Qg8  1/2-1/2

[Event "FRA-chT"]
[Site "FRA"]
[Date "1991.??.??"]
[Round "?"]
[White "Marin, Mihail"]
[Black "Spraggett, Kevin"]
[Result "1/2-1/2"]
[WhiteElo "2535"]
[BlackElo "2495"]

1.d4 f5 2.g3 Nf6 3.Bg2 g6 4.Nf3 Bg7 5.O-O O-O 6.c4 d6 7.Nc3 Nc6 8.d5 Ne5
9.Nxe5 dxe5 10.Qb3 h6 11.c5 Kh8 12.Rd1  1/2-1/2

[Event "FRA-chT"]
[Site "FRA"]
[Date "1991.??.??"]
[Round "?"]
[White "Bedos, Michel"]
[Black "Spraggett, Kevin"]
[Result "0-1"]
[WhiteElo "2270"]
[BlackElo "2495"]

1.d4 g6 2.c4 f5 3.g3 Bg7 4.Bg2 Nf6 5.Nf3 O-O 6.O-O d6 7.b3 h6 8.Bb2 g5 9.e3 Qe8
10.Nc3 c6 11.Qe2 Na6 12.Rad1 Bd7 13.e4 fxe4 14.Nxe4 Qh5 15.Ned2 Rf7 16.a3 Raf8
17.Rde1 Nc7 18.h4 Bf5 19.Qe3 Ng4 20.Qe2 Ne6 21.d5 Nc5 22.Bxg7 Rxg7 23.b4 Nd3
24.Ra1 gxh4 25.Nxh4 Nf4 26.Qf3 Bd7 27.Qe4 cxd5 28.cxd5 Nxg2 29.Kxg2 Qxh4
30.gxh4 Nf6+ 31.Kh2 Nxe4 32.Nxe4 Rf4 33.Ng3 Rxh4+ 34.Kg2 Bh3+  0-1